| 000 | 00597nam a2200205 i 4500 | ||
|---|---|---|---|
| 001 | 36049 | ||
| 003 | ES-MaACL | ||
| 005 | 20230906155302.0 | ||
| 007 | t| | ||
| 008 | 030217s1924 fr ||||1| fre d | ||
| 100 | 1 |
_aBraga, Domenique. _931275 |
|
| 245 | 1 | 0 |
_a5000 _b: (récit sportif) / _cDomenique Braga. |
| 250 | _a5eme ed. | ||
| 260 |
_aParís : _b[s.n., _c1924] ( _eLagny-Sur Marne : _fE. Grevin) |
||
| 300 |
_a188 p. ; _c19 cm. |
||
| 490 | 1 |
_aLes documents bleus ; _v12 |
|
| 830 | 0 |
_aLes documents bleus ; _v12 _9229567 |
|
| 852 |
_aES-MaACL _jF-4925 _bR.4540 |
||
| 999 |
_c36049 _d36049 |
||